000 00399nam a2200169Ia 4500
008 170705s9999 xx 000 0 und d
020 _a9780439560634
245 _aPorkenstein /
245 _cKathryn Lasky and David Jarvis.
260 _aNew York :
260 _bScholastic,
260 _c2002
300 _aunpaged :
300 _bcolor illustration ;
300 _c28cm.
500 _a250
999 _c335415
_d335415